000 00646nam a2200205Ia 4500
003 GCL
008 140319s9999 xx 000 0 ara d
040 _aGCL /
_cGCL
082 0 4 _aق
_b962.06
_bع ث
100 1 _aعبدالمنعم شميس
245 1 0 _aالثورة العربية الكبرى 23 يوليو /
_cعبدالمنعم شميس
300 _a640 ص
490 _aكتب قومية
_v0
650 0 4 _aمصر
650 0 4 _aالاحوال السياسية
650 0 4 _aالاشتراكية
650 0 4 _aثورة 23 يوليو 1952
650 0 4 _aمصر - تاريخ - العصر الحديث (1805 - 1956 )
942 _2ddc
_cBK
999 _c49876
_d49876